000
00284nam a22001337a 4500
003
SGT
082
_a
370
_b
A16T
100
_a
TULSIANI, HARKISHAN
245
_a
ACCOUNTING WITH TALLY 9
260
_a
NEW DELHI
_b
APH PUB
_c
2016
300
_a
117
650
_a
EDUCATION
942
_2
ddc
_c
BK
999
_c
12211
_d
12211